Cowboy Bebop characters - Statistics

General Stats
  • This quiz has been taken 278 times
  • The average score is 8 of 15
Answer Stats
Description Name % Correct
Bounty hunter, skilled in martial arts Spike Spiegel
100%
Femme fatale of the Bebop crew Faye Valentine
95%
Teenage Hacker Edward Wong Hau Pepelu Tivrusky IV
89%
Ex-cop, owner of the Bebop Jet Black
89%
Julia's ex, member of the Syndicate Vicious
88%
Spike's girlfriend Julia
87%
Crew's dog Ein
82%
Sacrifices himself for Vicious Lin
25%
Ex-soldier, was framed by Vicious Gren
24%
Brother of the above, helps Spike Shin
20%
Movie antagonist Vincent Volaju
18%
Drug-using criminal, dies in the first episode Asimov Solensan
16%
Spike's mentor in the Syndicate, is assassinated Mao Yenrai
13%
Big Shot TV hosts Punch & Judy
12%
Mad Pierrot Tongpu
7%
No matching quizzes found
Score Distribution
Percent of People with Each Score
Percentile by Number Answered
Your Score History
You have not taken this quiz